00535nam a2200169 a 4500008004100000020001800041050002100059100002600080245006600106260004800172300001900220490005600239650002200295650001600317650001400333700001800347200622s2018 ||||||||||||||||| || u a9780521437806 aJC 153. H521 Hob aSilverthorne, Michael10aHobbes on the citizencBy Richard Tuck, Michael Silverthorne  aCambridgebCambridge University Pressc2018 alii, 250 pages aCambridge texts in the history of political thought 0aPOLITICAL SCIENCE aNATURAL LAW aAUTHORITY aTuck, Richard